Análisis financiero /

Detalles Bibliográficos
Autor principal: Proaño, Bladimir (Autor)
Formato: Electrónico eBook
Lenguaje:español
Publicado: Cuenca, Ecuador : Universidad del Azuay, Casa Editora, [2023]
Edición:Primera edición.
Materias:
Acceso en línea:Digitalia Hispánica

MARC

LEADER 00000nam a2200000Ii 4500
001 DIGUAZUAY0220
003 NyNyDIG
006 m o d
007 cr |||||||||||
008 240415s2023 ec a o 000 0 spa d
035 |a (OCoLC)1430189040 
040 |a DGITA  |b eng  |e rda  |e pn  |c DGITA 
020 |a 9789942645043  |q eBook 
020 |z 9789942645036 
050 1 4 |a HG4026 ebook 
082 0 4 |a 658.1552  |2 23 
100 1 |a Proaño, Bladimir,  |e author. 
245 1 0 |a Análisis financiero /  |c Bladimir Proaño. 
250 |a Primera edición. 
264 1 |a Cuenca, Ecuador :  |b Universidad del Azuay, Casa Editora,  |c [2023] 
300 |a 1 online resource :  |b illustrations. 
336 |a text  |b txt  |2 rdacontent 
337 |a computer  |b c  |2 rdamedia 
338 |a online resource  |b cr  |2 rdacarrier 
347 |a text file  |2 rdaft 
347 |b PDF 
500 |a "numerus"--Cover. 
588 0 |a Online resource; title from PDF title page (Digitalia, viewed April 15, 2024) 
650 0 |a Business enterprises  |x Finance. 
650 0 |a Financial statements. 
791 2 |a Digitalia (Firm),  |e distributor. 
793 0 |g Digitalia eBook Collection:  |a Universidad del Azuay 
776 0 8 |i Print version:  |a Proaño, Bladimir.  |t Análisis financiero.  |b Primera edición.  |d Cuenca, Ecuador : Universidad del Azuay, Casa Editora, [2023]  |z 9789942645036 
856 4 0 |3 Digitalia Hispánica  |u https://www.digitaliapublishing.com/a/134010/ 
910 |a Premium collection: 2024